[Event "Hull 4NCL op-C"]
[Site "Hull"]
[Date "2023.09.09"]
[Round "2"]
[White "Scorer, David M"]
[Black "Duffell, Andrew"]
[Result "0-1"]
[WhiteElo "1452"]
[BlackElo "1567"]
[PlyCount "70"]
[EventDate "2023.09.08"]
[EventType "swiss"]
[EventRounds "5"]
[EventCountry "ENG"]
[SourceTitle "EXT 2024"]
[Source "ChessBase"]
[SourceDate "2023.10.10"]
[SourceVersion "1"]
[SourceVersionDate "2023.10.10"]
[SourceQuality "1"]

1. Nf3 c5 2. e3 e6 3. d4 Nf6 4. Bd3 Nc6 5. c3 d5 6. Nbd2 Qc7 7. 0-0 b6 8. Qe2 Bd6 9. Rd1 e5 10. dxe5 Nxe5 11. Nxe5 Bxe5 12. Nf3 0-0 13. h3 Bb7 14. Bc2 Bd6 15. Bd2 Rfe8 16. Be1 a6 17. Rac1 b5 18. a3 Rad8 19. Bb3 c4 20. Ba2 Bc8 21. Bb1 Ne4 22. Nd4 Re5 23. Nf3 Re6 24. Bxe4 dxe4 25. Nd4 Rg6 26. Kh1 Re8 27. f4 exf3 28. Nxf3 Bb7 29. Bf2 f5 30. Qf1 f4 31. exf4 Bxf4 32. Re1 Rf8 33. Red1 Bg3 34. Bxg3 Rxg3 35. Qf2 Rxh3+ 0-1

[Event "Harrogate 4NCL op-C 29th"]
[Site "Harrogate"]
[Date "2023.01.22"]
[Round "5"]
[White "Duffell, Andrew"]
[Black "Berry, Mike"]
[Result "1-0"]
[WhiteElo "1556"]
[BlackElo "1611"]
[PlyCount "89"]
[EventDate "2023.01.20"]
[EventType "swiss"]
[EventRounds "5"]
[EventCountry "ENG"]
[SourceTitle "CBM 212 Extra"]
[Source "ChessBase"]
[SourceDate "2023.03.31"]
[SourceVersion "1"]
[SourceVersionDate "2023.03.31"]
[SourceQuality "1"]

1. d4 d5 2. c4 e6 3. Nc3 c6 4. e4 dxe4 5. Nxe4 e5 6. d5 Bb4+ 7. Bd2 Bxd2+ 8. Qxd2 cxd5 9. cxd5 Nf6 10. Nxf6+ Qxf6 11. Bb5+ Bd7 12. Qb4 Qb6 13. Bxd7+ Nxd7 14. Qxb6 Nxb6 15. 0-0-0 Rd8 16. d6 f6 17. Ne2 Nc4 18. Rhe1 Nxd6 19. Nf4 Kf7 20. Nd3 Rd7 21. Kb1 b6 22. b3 Nb5 23. Nxe5+ fxe5 24. Rxd7+ Kf6 25. Kb2 Rc8 26. Rc1 Re8 27. Rc6+ Kf5 28. Rxg7 Rd8 29. Rf7+ Ke4 30. Rxh7 Rd2+ 31. Rc2 Rd1 32. Re2+ Kd3 33. Re3+ Kd2 34. Rxe5 Kd3 35. Rd7+ Nd4 36. Red5 Rd2+ 37. Ka3 Kc3 38. Rc7+ Kd3 39. Rxd4+ Kxd4 40. Rd7+ Kc3 41. Rxd2 Kxd2 42. Kb2 Kd3 43. h4 Ke4 44. h5 Kf5 45. g4+ 1-0

[Event "Harrogate 4NCL op-C 29th"]
[Site "Harrogate"]
[Date "2023.01.22"]
[Round "4"]
[White "Oliver, Peter JR"]
[Black "Duffell, Andrew"]
[Result "1/2-1/2"]
[WhiteElo "1602"]
[BlackElo "1556"]
[PlyCount "122"]
[EventDate "2023.01.20"]
[EventType "swiss"]
[EventRounds "5"]
[EventCountry "ENG"]
[SourceTitle "CBM 212 Extra"]
[Source "ChessBase"]
[SourceDate "2023.03.31"]
[SourceVersion "1"]
[SourceVersionDate "2023.03.31"]
[SourceQuality "1"]

1. Nf3 c5 2. c4 Nf6 3. Nc3 e6 4. e3 d5 5. d4 Nc6 6. a3 a6 7. dxc5 Bxc5 8. b4 Ba7 9. Bb2 d4 10. exd4 Nxd4 11. c5 Nc6 12. Qxd8+ Nxd8 13. Bd3 0-0 14. 0-0 Nc6 15. Ne4 Nxe4 16. Bxe4 f5 17. Bc2 b6 18. Nd4 Nxd4 19. Bxd4 bxc5 20. Bxc5 Bxc5 21. bxc5 Bb7 22. Ba4 Rac8 23. Rac1 Bc6 24. Bb3 Rfe8 25. Rfd1 Kf7 26. Rd6 Bd5 27. Bxd5 exd5 28. h3 Red8 29. Rxa6 d4 30. c6 d3 31. Kf1 d2 32. Rd1 Rd6 33. a4 Rcxc6 34. Rxc6 Rxc6 35. Rxd2 Ke7 36. Ke2 Ke6 37. a5 Ra6 38. Ra2 Kd5 39. Kd3 Kc6 40. g4 fxg4 41. hxg4 g5 42. Ke4 h6 43. f3 Kc5 44. Rc2+ Kb4 45. Ra2 Kb3 46. Rd2 Rxa5 47. Rd6 Ra4+ 48. Kf5 Rf4+ 49. Kg6 Rxf3 50. Kxh6 Kc4 51. Rg6 Kd4 52. Rxg5 Ke4 53. Rg6 Kf4 54. g5 Rh3+ 55. Kg7 Kg4 56. Kf7 Rh7+ 57. Kf6 Ra7 58. Rg7 Ra6+ 59. Kf7 Ra7+ 60. Kg8 Rxg7+ 61. Kxg7 Kxg5 1/2-1/2

[Event "Stevenage 4NCL Easter op U1825"]
[Site "Stevenage"]
[Date "2019.04.22"]
[Round "7.11"]
[White "Duffell, Andrew"]
[Black "Jones, Zebedee"]
[Result "0-1"]
[WhiteElo "1424"]
[BlackElo "1412"]
[PlyCount "84"]
[EventDate "2019.04.19"]
[EventType "swiss"]
[EventRounds "7"]
[EventCountry "ENG"]
[SourceTitle "EXT 2023"]
[Source "ChessBase"]
[SourceDate "2022.10.05"]
[SourceVersion "1"]
[SourceVersionDate "2022.10.05"]
[SourceQuality "1"]

1. d4 Nf6 2. c4 e6 3. Nc3 Bb4 4. f3 d5 5. a3 Bxc3+ 6. bxc3 0-0 7. Bg5 Nbd7 8. cxd5 exd5 9. e4 dxe4 10. fxe4 Qe8 11. e5 Ne4 12. Nf3 Nb6 13. Bd3 f5 14. Qc2 Qg6 15. h4 h5 16. 0-0-0 Be6 17. c4 c6 18. Rhe1 Rac8 19. c5 Nd5 20. Rxe4 fxe4 21. Bxe4 Rf5 22. Rg1 Qf7 23. Bd2 Rxf3 24. gxf3 Nf4 25. Bxf4 Qxf4+ 26. Kb2 Qxh4 27. Qg2 Rc7 28. Rh1 Qd8 29. Qc2 Qxd4+ 30. Kb1 Qxe5 31. Bh7+ Kf8 32. Rd1 Bd5 33. Qd3 Rd7 34. Rc1 Ba2+ 35. Kxa2 Rxd3 36. Bxd3 h4 37. f4 Qd5+ 38. Bc4 Qxc5 39. Kb3 h3 40. Rc2 Qe3+ 41. Rc3 Qxc3+ 42. Kxc3 h2 0-1

[Event "Stevenage 4NCL Easter op U1825"]
[Site "Stevenage"]
[Date "2019.04.22"]
[Round "6.7"]
[White "Duffell, Andrew"]
[Black "Ribbands, Patrick C"]
[Result "0-1"]
[WhiteElo "1424"]
[BlackElo "1683"]
[PlyCount "62"]
[EventDate "2019.04.19"]
[EventType "swiss"]
[EventRounds "7"]
[EventCountry "ENG"]
[SourceTitle "EXT 2023"]
[Source "ChessBase"]
[SourceDate "2022.10.05"]
[SourceVersion "1"]
[SourceVersionDate "2022.10.05"]
[SourceQuality "1"]

1. d4 g6 2. c4 Bg7 3. Nc3 d6 4. e4 Nd7 5. f4 e5 6. dxe5 dxe5 7. Nf3 Qe7 8. Bd3 c6 9. 0-0 Ngf6 10. f5 0-0 11. Ng5 h6 12. Nh3 Kh7 13. Qf3 b6 14. Qg4 Nxg4 15. Rf3 Ngf6 16. Be3 Nc5 17. Bc2 Bb7 18. Raf1 Rad8 19. Nf2 Rd7 20. g4 g5 21. h4 Ng8 22. hxg5 hxg5 23. Nh3 f6 24. R1f2 Nh6 25. Rg3 Nd3 26. Rh2 Nxb2 27. Nd5 cxd5 28. exd5 Kg8 29. Bb3 Nxc4 30. Bxc4 Bxd5 31. Bb5 Rc7 0-1

[Event "Stevenage 4NCL Easter op U1825"]
[Site "Stevenage"]
[Date "2019.04.21"]
[Round "5.11"]
[White "Fisher, Neal"]
[Black "Duffell, Andrew"]
[Result "0-1"]
[WhiteElo "1473"]
[BlackElo "1424"]
[PlyCount "98"]
[EventDate "2019.04.19"]
[EventType "swiss"]
[EventRounds "7"]
[EventCountry "ENG"]
[SourceTitle "EXT 2023"]
[Source "ChessBase"]
[SourceDate "2022.10.05"]
[SourceVersion "1"]
[SourceVersionDate "2022.10.05"]
[SourceQuality "1"]

1. d4 Nf6 2. Nc3 d5 3. Bf4 c5 4. e3 e6 5. Nb5 Qa5+ 6. c3 Na6 7. Nf3 c4 8. a4 Bd7 9. Nd6+ Bxd6 10. Bxd6 Ne4 11. Be5 f6 12. Bg3 0-0 13. Qc2 Rac8 14. Be2 Nb8 15. Bxb8 Rxb8 16. 0-0 Qc7 17. Rfd1 Rbd8 18. Bf1 Be8 19. Re1 h6 20. Nd2 f5 21. Nf3 Nf6 22. Ne5 Ng4 23. Nxg4 fxg4 24. Qe2 h5 25. e4 Bg6 26. exd5 exd5 27. Qd2 Be4 28. Re3 Rf6 29. Be2 Rdf8 30. Rf1 Qf7 31. f3 gxf3 32. Bxf3 g5 33. Ree1 Bxf3 34. Rxf3 Rxf3 35. Qxg5+ Kh7 36. gxf3 Rg8 37. Qxg8+ Qxg8+ 38. Kf2 Qf7 39. Re5 Kg6 40. h4 Qf4 41. Rxd5 Qxh4+ 42. Ke3 Qe1+ 43. Kf4 h4 44. Rg5+ Kh6 45. Re5 Qg3+ 46. Ke3 h3 47. Re4 h2 48. Rg4 Qxg4 49. fxg4 h1Q 0-1

[Event "Stevenage 4NCL Easter op U1825"]
[Site "Stevenage"]
[Date "2019.04.20"]
[Round "3.4"]
[White "Duffell, Andrew"]
[Black "Robinson, Brian"]
[Result "0-1"]
[WhiteElo "1424"]
[BlackElo "1569"]
[PlyCount "82"]
[EventDate "2019.04.19"]
[EventType "swiss"]
[EventRounds "7"]
[EventCountry "ENG"]
[SourceTitle "EXT 2023"]
[Source "ChessBase"]
[SourceDate "2022.10.05"]
[SourceVersion "1"]
[SourceVersionDate "2022.10.05"]
[SourceQuality "1"]

1. d4 Nf6 2. c4 e6 3. Nc3 d5 4. cxd5 exd5 5. Bg5 c6 6. Qc2 Be7 7. e3 h6 8. Bh4 0-0 9. Bd3 Nbd7 10. Nge2 Re8 11. f3 c5 12. dxc5 Nxc5 13. 0-0 Nxd3 14. Qxd3 Be6 15. Rfd1 Rc8 16. Rac1 Qb6 17. Be1 Red8 18. Na4 Qd6 19. Nd4 Bd7 20. Nf5 Qe5 21. Nxe7+ Qxe7 22. Nc3 Be6 23. Ne2 Nd7 24. Bc3 Ne5 25. Qd4 f6 26. Bb4 Qe8 27. b3 a6 28. Ng3 Qg6 29. Ne2 Nxf3+ 30. Kf2 Nxd4 31. Nxd4 Qe4 32. Bd2 Bd7 33. Ne2 Rxc1 34. Rxc1 Rc8 35. Rd1 Qd3 36. Nf4 Qc2 37. Ke1 Qxa2 38. Nxd5 Kf7 39. Nc3 Qa3 40. Ne4 Qe7 41. Rb1 Qxe4 0-1

[Event "Telford 4NCL U1825 op"]
[Site "Telford"]
[Date "2018.11.03"]
[Round "7"]
[White "Mellor, Peter"]
[Black "Duffell, Andrew"]
[Result "1-0"]
[WhiteElo "1427"]
[BlackElo "1630"]
[PlyCount "65"]
[EventDate "2018.10.31"]
[EventType "swiss"]
[EventRounds "9"]
[EventCountry "ENG"]
[SourceTitle "EXT 2021"]
[Source "ChessBase"]
[SourceDate "2020.10.23"]
[SourceVersion "1"]
[SourceVersionDate "2020.10.23"]
[SourceQuality "1"]

1. b4 d5 2. Bb2 Bf5 3. e3 Nf6 4. Nf3 e6 5. a3 Nbd7 6. c4 c5 7. Qb3 Qb6 8. b5 Bd6 9. Nc3 Qc7 10. cxd5 e5 11. d3 h6 12. Be2 0-0 13. e4 Bh7 14. 0-0 Ne8 15. Nd2 f5 16. Nc4 Be7 17. d6 Bxd6 18. Nxd6+ Kh8 19. Nf7+ Rxf7 20. Qxf7 Nef6 21. Qc4 Bg8 22. Nd5 Nxd5 23. exd5 Nb6 24. Qc3 Re8 25. Rac1 Na4 26. Qc2 Nxb2 27. Qxb2 Bxd5 28. Rfe1 Re6 29. Qc3 b6 30. Bd1 Rg6 31. Qxe5 Bxg2 32. Qxc7 Bh3+ 33. Qg3 1-0

[Event "Telford 4NCL U1825 op"]
[Site "Telford"]
[Date "2018.11.01"]
[Round "2"]
[White "Duffell, Andrew"]
[Black "Steel, Martin J"]
[Result "1-0"]
[WhiteElo "1630"]
[BlackElo "1487"]
[PlyCount "109"]
[EventDate "2018.10.31"]
[EventType "swiss"]
[EventRounds "9"]
[EventCountry "ENG"]
[SourceTitle "CBM 187 Extra"]
[Source "ChessBase"]
[SourceDate "2018.11.04"]
[SourceVersion "1"]
[SourceVersionDate "2018.11.04"]
[SourceQuality "1"]

1. d4 Nf6 2. c4 c5 3. d5 b5 4. f3 bxc4 5. e4 d6 6. Bxc4 g6 7. Ne2 Bg7 8. a4 0-0 9. Nec3 Nbd7 10. Be3 Ne5 11. Be2 Bb7 12. 0-0 Rb8 13. Na3 Ne8 14. Qd2 Nc7 15. Nab5 a6 16. Nxc7 Qxc7 17. a5 Rfe8 18. Rfb1 Nd7 19. Bf2 Nf6 20. Ra4 Qd7 21. b4 Nxd5 22. exd5 Bxc3 23. Qxc3 Qxa4 24. Be1 cxb4 25. Rxb4 Qd7 26. Qd4 e5 27. Qd2 Qd8 28. Rh4 Qf6 29. Qh6 Qg7 30. Qd2 f5 31. Rb4 Qf7 32. Rb3 Qc7 33. Bxa6 Bxa6 34. Rb6 Qd7 35. Rxa6 Qb5 36. Rc6 Qb4 37. Qxb4 Rxb4 38. Bxb4 Ra8 39. Kf2 Kf7 40. Ke3 Ke8 41. f4 e4 42. Rxd6 Kf7 43. Rb6 Rc8 44. Rc6 Rb8 45. Rc4 Rb5 46. Kd4 h6 47. h4 Ke8 48. a6 Rb8 49. a7 Ra8 50. Rc7 Kd8 51. Rh7 h5 52. Rh8+ Kc7 53. Rxa8 Kb7 54. Rg8 Kxa7 55. Rxg6 1-0

[Event "GBR-ch U1750 op 105th"]
[Site "Hull"]
[Date "2018.08.01"]
[Round "3"]
[White "Duffell, Andrew"]
[Black "Jithendra, Raina"]
[Result "1/2-1/2"]
[WhiteElo "1555"]
[BlackElo "1375"]
[PlyCount "118"]
[EventDate "2018.07.30"]
[EventType "swiss"]
[EventRounds "5"]
[EventCountry "ENG"]
[SourceTitle "EXT 2021"]
[Source "ChessBase"]
[SourceDate "2020.10.23"]
[SourceVersion "1"]
[SourceVersionDate "2020.10.23"]
[SourceQuality "1"]

1. d4 d5 2. c4 e6 3. Nc3 Nf6 4. cxd5 exd5 5. Bg5 Be7 6. e3 0-0 7. Bd3 Nbd7 8. Qc2 Re8 9. Nge2 c6 10. f3 h6 11. Bh4 c5 12. 0-0 cxd4 13. Nxd4 Bc5 14. Nxd5 Bxd4 15. exd4 g5 16. Nxf6+ Nxf6 17. Bf2 Qd6 18. Rfe1 Bd7 19. Qb3 b6 20. Bc4 Be6 21. Bxe6 Rxe6 22. Rxe6 Qxe6 23. Qxe6 fxe6 24. Rc1 b5 25. h4 g4 26. fxg4 Nxg4 27. g3 a5 28. Kg2 a4 29. Bg1 b4 30. Kh3 h5 31. Rc5 Nf6 32. Rb5 Nd5 33. g4 Nf4+ 34. Kg3 Ne2+ 35. Kf2 Nxg1 36. Kxg1 hxg4 37. Rg5+ Kh7 38. Rxg4 b3 39. a3 Rc8 40. Re4 Rc1+ 41. Kf2 Rc2+ 42. Re2 Kh6 43. Ke3 Rxe2+ 44. Kxe2 Kh5 45. Ke3 Kxh4 46. Kf4 Kh3 47. Ke5 Kg3 48. Kxe6 Kf3 49. d5 Ke3 50. d6 Kd3 51. d7 Kc2 52. d8Q Kxb2 53. Qd6 Ka2 54. Qb4 b2 55. Qxa4 b1Q 56. Qb4 Qg6+ 57. Kd5 Qd3+ 58. Kc6 Qxa3 59. Qxa3+ Kxa3 1/2-1/2

[Event "GBR-ch U1750 op 105th"]
[Site "Hull"]
[Date "2018.07.31"]
[Round "2"]
[White "Lv, Jason"]
[Black "Duffell, Andrew"]
[Result "1-0"]
[WhiteElo "1405"]
[BlackElo "1555"]
[PlyCount "171"]
[EventDate "2018.07.30"]
[EventType "swiss"]
[EventRounds "5"]
[EventCountry "ENG"]
[SourceTitle "EXT 2021"]
[Source "ChessBase"]
[SourceDate "2020.10.23"]
[SourceVersion "1"]
[SourceVersionDate "2020.10.23"]
[SourceQuality "1"]

1. d4 Nf6 2. c4 g6 3. Nc3 d5 4. e3 Bg7 5. Nf3 c5 6. dxc5 Qa5 7. cxd5 Ne4 8. Qa4+ Qxa4 9. Nxa4 Nd7 10. Rb1 Ndxc5 11. Nxc5 Nxc5 12. Bb5+ Bd7 13. Bxd7+ Kxd7 14. Ke2 Na4 15. e4 e6 16. dxe6+ Kxe6 17. Ke3 h5 18. Nd4+ Ke7 19. a3 Rhd8 20. Ne2 Rac8 21. b3 Nc5 22. f3 Rd3+ 23. Kf2 Rxb3 24. Rxb3 Nxb3 25. Be3 a6 26. Rb1 Na5 27. Bd2 Nc4 28. Rxb7+ Ke8 29. Bb4 Bf8 30. Bxf8 Kxf8 31. Ra7 Rc6 32. Nd4 Rd6 33. Nb3 Nxa3 34. Nc5 Rc6 35. Nxa6 Nb5 36. Ra8+ Kg7 37. Nb4 Rc1 38. h4 Rh1 39. Kg3 Nd4 40. Ra7 Ne2+ 41. Kf2 Nd4 42. Ke3 Nb5 43. Ra5 Nd6 44. Rd5 Ne8 45. g3 Nc7 46. Rd7 Ne6 47. Nd3 Ra1 48. Ne5 Ra3+ 49. Kf2 Ra2+ 50. Kg1 Ra1+ 51. Kg2 g5 52. Rxf7+ Kg8 53. hxg5 Nxg5 54. Rf5 Ra2+ 55. Kf1 Ra1+ 56. Ke2 Ra2+ 57. Ke3 Ra3+ 58. Nd3 Ne6 59. Rxh5 Kg7 60. Rd5 Kf6 61. f4 Nc7 62. Rf5+ Ke6 63. g4 Ne8 64. Re5+ Kf7 65. Rb5 Nd6 66. Rd5 Ke6 67. f5+ Ke7 68. Kf4 Ra4 69. Re5+ Kf7 70. g5 Rc4 71. g6+ Kf8 72. Re6 Ne8 73. Ne5 Rc7 74. Rc6 Ra7 75. f6 Ra8 76. f7 Ng7 77. Nd7+ Ke7 78. f8Q+ Rxf8+ 79. Nxf8 Kxf8 80. Kg5 Ke7 81. Rc7+ Kf8 82. Rxg7 Kxg7 83. Kf5 Kg8 84. Kf6 Kf8 85. g7+ Kg8 86. e5 1-0

[Event "GBR-ch U120 op 105th"]
[Site "Hull"]
[Date "2018.07.30"]
[Round "1"]
[White "McCulloch, Andrew"]
[Black "Duffell, Andrew"]
[Result "0-1"]
[WhiteElo "1440"]
[BlackElo "114"]
[PlyCount "106"]
[EventDate "2018.07.30"]
[EventType "swiss"]
[EventRounds "5"]
[EventCountry "ENG"]
[SourceTitle "EXT 2021"]
[Source "ChessBase"]
[SourceDate "2020.10.23"]
[SourceVersion "1"]
[SourceVersionDate "2020.10.23"]
[SourceQuality "1"]

1. d4 Nf6 2. c4 g6 3. Nc3 d5 4. e3 Bg7 5. Nf3 c5 6. cxd5 Nxd5 7. Be2 Nc6 8. 0-0 cxd4 9. exd4 0-0 10. Nxd5 Qxd5 11. Be3 Bg4 12. Re1 Rac8 13. Ne5 Bxe2 14. Qxe2 Nxe5 15. dxe5 Qxe5 16. Bxa7 Qxe2 17. Rxe2 e6 18. Rb1 Ra8 19. Be3 Rxa2 20. Rd2 Rfa8 21. g3 Ra1 22. Rxa1 Rxa1+ 23. Kg2 Ra8 24. Rd7 Bxb2 25. Rxb7 Bf6 26. Ra7 Rxa7 27. Bxa7 h5 28. h3 Kg7 29. Bc5 Bc3 30. Be3 Kf6 31. Kf3 g5 32. Ke4 Kg6 33. g4 f5+ 34. gxf5+ exf5+ 35. Kf3 Be5 36. Kg2 f4 37. Bb6 Kf5 38. f3 Bf6 39. Bc7 Be7 40. Bb8 Bd8 41. Bd6 Ke6 42. Bb4 Kd5 43. Be1 Kd4 44. Bf2+ Kd3 45. Be1 Ke2 46. Bf2 Bf6 47. Bb6 Kd3 48. Bc7 Ke3 49. Bb6+ Bd4 50. Bd8 g4 51. hxg4 hxg4 52. fxg4 Ke2 53. Bh4 f3+ 0-1

[Event "BCF-ch Yates op"]
[Site "Coventry"]
[Date "2015.08.02"]
[Round "5"]
[White "Allen, Timothy S"]
[Black "Duffell, Andrew"]
[Result "0-1"]
[WhiteElo "1558"]
[BlackElo "124"]
[PlyCount "86"]
[EventDate "2015.07.31"]
[EventType "swiss"]
[EventRounds "5"]
[EventCountry "ENG"]
[SourceTitle "CBM 167 Extra"]
[Source "ChessBase"]
[SourceDate "2015.09.14"]
[SourceVersion "1"]
[SourceVersionDate "2015.09.14"]
[SourceQuality "1"]

1. e4 c6 2. d4 d5 3. e5 Bf5 4. g4 Bg6 5. f4 e6 6. Nf3 c5 7. c3 Nc6 8. Bd3 Bxd3 9. Qxd3 h6 10. Be3 Qb6 11. Nbd2 cxd4 12. Nxd4 Nxd4 13. Bxd4 Bc5 14. Nb3 Bxd4 15. Nxd4 Ne7 16. Qb5+ Nc6 17. Qxb6 axb6 18. Nb5 Ke7 19. Kd2 Na7 20. Nd4 Nc6 21. h4 Nxd4 22. cxd4 Rhc8 23. Rhc1 Rxc1 24. Kxc1 Ra4 25. Kd2 Rxd4+ 26. Ke3 Re4+ 27. Kf3 Rc4 28. Re1 g6 29. b3 Rc6 30. Re2 f6 31. exf6+ Kxf6 32. g5+ hxg5 33. hxg5+ Kf7 34. Ke3 Ke7 35. Kd4 Kd6 36. Rh2 Rc7 37. Rh6 Rg7 38. Rh3 b5 39. b4 b6 40. Rc3 Rd7 41. Rd3 Rc7 42. Rc3 Rc4+ 43. Rxc4 bxc4 0-1

[Event "BCF-ch U140"]
[Site "Coventry"]
[Date "2015.07.31"]
[Round "5"]
[White "Duffell, Andrew"]
[Black "Johnson, Stanley"]
[Result "1/2-1/2"]
[WhiteElo "124"]
[BlackElo "108"]
[PlyCount "61"]
[EventDate "2015.07.27"]
[EventType "swiss"]
[EventRounds "5"]
[EventCountry "ENG"]
[SourceTitle "EXT 2016"]
[Source "ChessBase"]
[SourceDate "2015.10.08"]
[SourceVersion "1"]
[SourceVersionDate "2015.10.08"]
[SourceQuality "1"]

1. d4 Nf6 2. c4 c6 3. Nc3 d5 4. Bg5 Nbd7 5. Nf3 e6 6. e4 dxe4 7. Nxe4 Qa5+ 8. Bd2 Qc7 9. Bd3 Be7 10. 0-0 0-0 11. Rc1 b6 12. a3 Bb7 13. Re1 Rfe8 14. Bb1 Rac8 15. Qc2 Nxe4 16. Rxe4 Nf6 17. Rg4 g6 18. Rh4 c5 19. Qc3 Qc6 20. Re1 Rcd8 21. Be4 Nxe4 22. Rhxe4 Bf6 23. Ne5 Bxe5 24. dxe5 Rd4 25. f3 Red8 26. R4e2 Rd3 27. Qc1 Qd7 28. Bg5 Qd4+ 29. Be3 Qd7 30. Bg5 Qd4+ 31. Be3 1/2-1/2

[Event "BCF-ch U140"]
[Site "Coventry"]
[Date "2015.07.30"]
[Round "4"]
[White "Duffell, Andrew"]
[Black "Pemberton, Clive H"]
[Result "0-1"]
[WhiteElo "124"]
[BlackElo "139"]
[PlyCount "58"]
[EventDate "2015.07.27"]
[EventType "swiss"]
[EventRounds "5"]
[EventCountry "ENG"]
[SourceTitle "EXT 2016"]
[Source "ChessBase"]
[SourceDate "2015.10.08"]
[SourceVersion "1"]
[SourceVersionDate "2015.10.08"]
[SourceQuality "1"]

1. d4 Nf6 2. c4 e6 3. Nc3 Bb4 4. f3 d5 5. a3 Bxc3+ 6. bxc3 0-0 7. Bg5 h6 8. Bh4 c5 9. e3 Nbd7 10. cxd5 Qa5 11. Qd2 cxd4 12. cxd4 Qxd5 13. Bd3 Qh5 14. Bf2 b6 15. e4 Bb7 16. Ne2 Nh7 17. Nf4 Qg5 18. h4 Qe7 19. Nh3 e5 20. d5 f5 21. Bc4 Kh8 22. exf5 e4 23. d6 Qf6 24. g4 Qxa1+ 25. Qd1 Qc3+ 26. Kf1 Qxc4+ 27. Kg1 exf3 28. Qd2 Qxg4+ 29. Kf1 Qg2+ 0-1

[Event "BCF-ch Seniors 50 U150"]
[Site "Coventry"]
[Date "2015.07.28"]
[Round "2"]
[White "Duffell, Andrew"]
[Black "Gilbert, David J"]
[Result "0-1"]
[WhiteElo "124"]
[BlackElo "1673"]
[PlyCount "106"]
[EventDate "2015.07.27"]
[EventType "swiss"]
[EventRounds "5"]
[EventCountry "ENG"]
[SourceTitle "CBM 167 Extra"]
[Source "ChessBase"]
[SourceDate "2015.09.14"]
[SourceVersion "1"]
[SourceVersionDate "2015.09.14"]
[SourceQuality "1"]

1. d4 Nf6 2. c4 g6 3. Nc3 d5 4. Bf4 Bg7 5. Rc1 dxc4 6. e4 0-0 7. Bxc4 c5 8. d5 Qa5 9. f3 Na6 10. Kf2 Qb4 11. Qb3 Qxb3 12. axb3 Nb4 13. Nge2 a6 14. Ra1 Bd7 15. Na4 Bxa4 16. bxa4 Nd7 17. Nc3 Ne5 18. Bxe5 Bxe5 19. g3 Rfd8 20. f4 Bd4+ 21. Kf3 Rab8 22. Rhd1 Nc2 23. Rac1 Ne3 24. Rxd4 cxd4 25. Ne2 Nxc4 26. Rxc4 d3 27. Nc3 b5 28. axb5 axb5 29. Rd4 b4 30. Na2 e6 31. d6 f6 32. g4 e5 33. Rxd3 Rb6 34. d7 Rb7 35. fxe5 fxe5 36. Rd5 Rdxd7 37. Rxe5 Rd2 38. Kf4 Rxb2 39. Nc1 Rxh2 40. Kg5 Kg7 41. Nb3 Rf7 42. Rf5 gxf5 43. exf5 h6+ 44. Kf4 Rh3 45. Nd4 Rh1 46. Kg3 Rd1 47. Ne6+ Kf6 48. Nf4 b3 49. Ne2 b2 50. Nc3 Rd3+ 51. Kf4 Rxc3 52. g5+ hxg5+ 53. Kg4 Rc4+ 0-1